|
|
|
|
| LEADER |
00000nam a2200000 a 4500 |
| 001 |
vtls008296829 |
| 003 |
SK-MaSNL |
| 005 |
20260418034512.0 |
| 008 |
251029s1993 xo ol f 000 0 slo |
| 020 |
|
|
|q (brož.)
|
| 040 |
|
|
|a SNK
|b slo
|c SNK
|e AACR2
|
| 041 |
0 |
|
|a slo
|
| 044 |
|
|
|a xo
|c SK
|
| 072 |
|
7 |
|a 004.3
|x Technické vybavenie. Technické prostriedky
|2 konspekt
|
| 080 |
|
|
|a 004.382.7
|2 2001
|
| 080 |
|
|
|a (035)
|2 2001
|
| 100 |
1 |
|
|a Zopp, Juraj
|4 aut
|9 76435
|
| 245 |
1 |
0 |
|a Príručka na stavbu osobného počítača, alebo, Ako si ušiť PC na mieru
|c Juraj Zopp, Egon Hlavatý
|
| 250 |
|
|
|a 1. vyd.
|
| 260 |
|
|
|a [S. l.]
|b Martin Kapiaš
|c 1993
|
| 300 |
|
|
|a 108 s.
|b sch., tab.
|c 20x29 cm
|
| 366 |
|
|
|e 2000 výtl.
|
| 490 |
1 |
|
|a Kupec
|v zv. 1
|
| 650 |
0 |
7 |
|a osobné počítače
|2 SNKPH
|9 960
|
| 655 |
|
7 |
|a príručky
|2 SNKPH
|9 74364
|
| 700 |
1 |
|
|a Hlavatý, Egon,
|d 1930-2011
|4 aut
|9 92755
|
| 830 |
|
0 |
|a Kupec
|9 739438
|
| 958 |
|
|
|a OND
|
| 999 |
|
|
|c 1163906
|d 1165836
|
| 952 |
|
|
|a SNK
|b SNK
|y PREZ
|7 0
|p 17A0484018
|o snkSC 121107
|i snk2005/15084
|8 1
|0 0
|1 0
|4 0
|d 2005-09-09
|l 0
|r 2025-05-30 00:00:00
|w 2026-02-24
|
| 952 |
|
|
|a SNK
|b SNK
|y VYP
|7 0
|p 17A0569634
|o snkSC 121107 D1
|i snk2008/9497
|8 1
|0 0
|1 0
|4 0
|d 2008-04-28
|l 0
|r 2017-06-30 00:00:00
|w 2026-02-24
|